| 000 | 00529nam a22001457a 4500 | ||
|---|---|---|---|
| 003 | SGT | ||
| 082 |
_a617.643 _bE22S |
||
| 100 | _aShikha | ||
| 245 |
_aEffectiveness of manual, electric and ultrasonic toothbrushes on streptococcus mutans count in patients undergoing fixed orthodontic treatment _bA randomized clinical trial |
||
| 260 |
_aGurugram, Haryana _bSGT University _c2022 |
||
| 300 | _a61 | ||
| 650 | _aOrthodontics & Dentofacial Orthopaedics | ||
| 653 | _aOrthodontics; Streptococcus; types of brushes | ||
| 942 |
_2ddc _cTH |
||
| 999 |
_c23680 _d23680 |
||